[Event "International Championship of Central Se"]
[Site "Paracin, hotel "]
[Date "2013.07.08"]
[Round "4.1"]
[White "Zivkovic, Zivojin"]
[Black "Rasic, Jovan"]
[Result "0-1"]
[WhiteElo "1981"]
[BlackElo "2085"]
[PlyCount "64"]
[EventDate "2013.07.05"]

1. Nf3 g6 2. g3 Bg7 3. Bg2 e5 4. d3 Ne7 5. e4 O-O 6. O-O d5 7. a4 Nbc6 8. c3 a5
9. Na3 h6 10. Nb5 Kh7 11. Be3 f5 12. Bc5 Be6 13. Qe2 dxe4 14. dxe4 f4 15. h3
Qc8 16. Kh2 g5 17. g4 Rf7 18. Nd2 b6 19. Bxe7 Nxe7 20. b4 f3 21. Nxf3 Ng6 22.
Qe3 Rf4 23. Ng1 Bxg4 24. hxg4 Rxg4 25. f3 Rh4+ 26. Kg3 Nf4 27. Ne2 h5 28. Rh1
Rg4+ 29. fxg4 Qxg4+ 30. Kf2 Qxg2+ 31. Ke1 Qxh1+ 32. Kd2 Rd8+ 0-1

[Event "International Championship of Central Se"]
[Site "Paracin, hotel "]
[Date "2013.07.08"]
[Round "4.2"]
[White "Kostic, Tomislav"]
[Black "Cica, Dragan"]
[Result "0-1"]
[WhiteElo "1978"]
[BlackElo "2063"]
[PlyCount "62"]
[EventDate "2013.07.05"]

1. e4 c5 2. Nf3 d6 3. d4 cxd4 4. Nxd4 Nf6 5. Nc3 a6 6. h3 e5 7. Nde2 h5 8. Bg5
Be6 9. Bxf6 gxf6 10. Ng3 h4 11. Nf5 Bxf5 12. exf5 Nc6 13. Nd5 Rg8 14. c3 Rg5
15. Qf3 Be7 16. g3 Qa5 17. b4 Qa3 18. Be2 Rc8 19. O-O hxg3 20. fxg3 Nd4 21. Qe4
Rxg3+ 22. Kh2 Rgxc3 23. Nxc3 Rxc3 24. Bg4 Rc2+ 25. Kh1 Qg3 26. Qxc2 Nxc2 27.
Rac1 Ne3 28. Rg1 Qh4 29. Kh2 d5 30. Bd1 e4 31. Ba4+ b5 0-1

[Event "International Championship of Central Se"]
[Site "Paracin, hotel "]
[Date "2013.07.08"]
[Round "4.3"]
[White "Boskovic, Maksimilijan"]
[Black "Radovic, Janko"]
[Result "0-1"]
[WhiteElo "1927"]
[BlackElo "2038"]
[PlyCount "56"]
[EventDate "2013.07.05"]

1. e4 c5 2. Nf3 d6 3. Bb5+ Bd7 4. Bxd7+ Qxd7 5. O-O Nf6 6. d4 Nxe4 7. Re1 Nf6
8. d5 e5 9. dxe6 fxe6 10. Bg5 Be7 11. Qe2 e5 12. Nc3 Nc6 13. Rad1 O-O-O 14.
Bxf6 Bxf6 15. Ne4 Qc7 16. Qc4 Kb8 17. c3 Rhe8 18. Rd2 Ne7 19. Qe6 Nc8 20. Qf5
d5 21. Nxf6 gxf6 22. Qxf6 e4 23. Ng5 Rf8 24. Qh6 Qf4 25. Rde2 Rf6 26. Qh5 Qf5
27. Qh4 Rg8 28. Nh3 Rg4 0-1

[Event "International Championship of Central Se"]
[Site "Paracin, hotel "]
[Date "2013.07.08"]
[Round "4.4"]
[White "Pribanovic, Milivoje"]
[Black "Ljangov, Petar"]
[Result "1/2-1/2"]
[WhiteElo "1841"]
[BlackElo "2010"]
[PlyCount "51"]
[EventDate "2013.07.05"]

1. e4 c5 2. Nf3 d6 3. d4 cxd4 4. Nxd4 Nf6 5. Nc3 a6 6. Bg5 Nbd7 7. f4 Qb6 8.
Nb3 Qe3+ 9. Qe2 Qxe2+ 10. Bxe2 e6 11. Bf3 Be7 12. O-O-O h6 13. Bh4 Rg8 14. Bf2
e5 15. f5 b5 16. Na5 Bd8 17. Nc6 Bc7 18. Nb4 Bb7 19. Nbd5 Nxd5 20. Nxd5 Bxd5
21. Rxd5 Ke7 22. Rhd1 Rgd8 23. g4 f6 24. h4 Bb6 25. Bxb6 Nxb6 26. R5d3 1/2-1/2

[Event "International Championship of Central Se"]
[Site "Paracin, hotel "]
[Date "2013.07.08"]
[Round "4.5"]
[White "Ostojic, Nikola M"]
[Black "Bozilov, Dragan"]
[Result "1-0"]
[WhiteElo "2068"]
[BlackElo "1930"]
[Annotator ",ja"]
[PlyCount "98"]
[EventDate "2013.07.05"]

1. d4 Nf6 2. c4 c6 3. Nc3 d5 4. Nf3 a6 5. cxd5 cxd5 6. Bf4 Nc6 7. Rc1 e6 8. e3
Bd6 9. Bxd6 Qxd6 10. Bd3 O-O 11. O-O e5 12. dxe5 Nxe5 13. Be2 Rd8 14. Qb3 Be6
15. Nd4 b5 16. a3 Nc4 17. Rfd1 Rac8 18. h3 Qe5 19. Nf3 Qb8 20. Nd4 Qe5 21. Nf3
Qb8 22. Nd4 Qe5 23. Bf3 Ne4 24. Bxe4 dxe4 25. Nxe6 Qxe6 26. Ne2 Qg6 27. Nd4 Ne5
28. Rxc8 Rxc8 29. Qd5 Nd3 30. Nf5 Qf6 31. Qxe4 Ne5 32. Nd4 g6 33. Qb1 Nc4 34.
Rc1 Rd8 35. Qc2 Qg5 36. Nf3 Qf6 37. Nd4 Qe5 38. Qc3 Qg5 39. Nf3 Qd5 40. a4 Nb6
41. axb5 Qxb5 42. Nd4 Qg5 43. Ra1 Nd5 44. Qa3 Rb8 45. Rb1 Nb4 46. Qc3 Qd5 47.
Ra1 h5 48. b3 Kh7 49. Qc7 Rb7 {unreadable} 1-0

[Event "International Championship of Central Se"]
[Site "Paracin, hotel "]
[Date "2013.07.08"]
[Round "4.6"]
[White "Marjanovics, Gyorgy"]
[Black "Ivic, Matija"]
[Result "1-0"]
[WhiteElo "2069"]
[BlackElo "1925"]
[PlyCount "63"]
[EventDate "2013.07.05"]

1. e4 c5 2. Nf3 g6 3. c3 Bg7 4. d4 cxd4 5. cxd4 d5 6. e5 Nc6 7. Bb5 Nh6 8. O-O
O-O 9. Bxc6 bxc6 10. Nbd2 f6 11. h3 Nf7 12. exf6 exf6 13. Nb3 Nd6 14. Qc2 Qb6
15. Bf4 Bf5 16. Qc1 Nc4 17. Nfd2 Bd3 18. Re1 Rfe8 19. Qc3 Nxd2 20. Qxd2 Bf5 21.
Nc5 g5 22. Bg3 Bf8 23. b4 Rxe1+ 24. Rxe1 a5 25. a3 axb4 26. axb4 Ra3 27. Re8
Ra1+ 28. Kh2 Qb5 29. Bd6 Qf1 30. Rxf8+ Kg7 31. Qe3 Qh1+ 32. Kg3 1-0

[Event "International Championship of Central Se"]
[Site "Paracin, hotel "]
[Date "2013.07.08"]
[Round "4.8"]
[White "Grbic, Branko"]
[Black "Cvetkovski, Slobodan"]
[Result "1-0"]
[WhiteElo "1984"]
[BlackElo "1879"]
[PlyCount "64"]
[EventDate "2013.07.05"]

1. e4 e6 2. d4 d5 3. exd5 exd5 4. Qf3 Nf6 5. h3 Qe7+ 6. Ne2 Qe4 7. Qb3 c6 8.
Bf4 Be7 9. Nd2 Qe6 10. Nf3 Bd6 11. Bxd6 Qxd6 12. Ng3 O-O 13. Bd3 Re8+ 14. Ne5
g6 15. O-O Nbd7 16. f4 c5 17. Qa3 b6 18. Rae1 Bb7 19. c3 Qc7 20. Bb5 Red8 21.
f5 Nxe5 22. dxe5 Nd7 23. Bxd7 Rxd7 24. Qa4 d4 25. cxd4 Rxd4 26. Qb3 Bd5 27. Qe3
Qd8 28. e6 fxe6 29. fxe6 Qe8 30. Qe5 Qb8 31. Qg5 Qd6 32. Nf5 Qd8 1-0

[Event "International Championship of Central Se"]
[Site "Paracin, hotel "]
[Date "2013.07.08"]
[Round "4.9"]
[White "Stojanovic, Vladimir M"]
[Black "Zivanovic, Blagoje"]
[Result "0-1"]
[WhiteElo "1959"]
[BlackElo "1817"]
[PlyCount "78"]
[EventDate "2013.07.05"]

1. d4 Nf6 2. Nf3 g6 3. c4 Bg7 4. Nc3 O-O 5. e4 d6 6. Be2 e5 7. O-O Nc6 8. d5
Ne7 9. Ne1 Nd7 10. Nd3 f5 11. f3 f4 12. Bd2 g5 13. Rc1 Nf6 14. g4 h5 15. h3
hxg4 16. hxg4 Ng6 17. Be1 Kf7 18. Kg2 Rh8 19. c5 Nh4+ 20. Bxh4 Rxh4 21. cxd6
cxd6 22. Qb3 a6 23. a4 Rb8 24. Nf2 Bd7 25. Qb4 Bf8 26. Rc2 Be7 27. Rfc1 Qh8 28.
Bc4 Rh2+ 29. Kf1 Qh4 30. Ncd1 Rh8 31. Qxb7 Qg3 32. Qb3 Rh1+ 33. Ke2 R8h2 34.
Qb6 Nxg4 35. fxg4 Bxg4+ 36. Kd2 Bxd1 37. Rxd1 Rxf2+ 38. Be2 Rxd1+ 39. Kxd1 Qg1+
0-1

[Event "International Championship of Central Se"]
[Site "Paracin, hotel "]
[Date "2013.07.08"]
[Round "4.10"]
[White "Milosavljevic, Marija"]
[Black "Kosir, Franci"]
[Result "1/2-1/2"]
[WhiteElo "1901"]
[BlackElo "1934"]
[PlyCount "48"]
[EventDate "2013.07.05"]

1. Nc3 d5 2. e4 dxe4 3. Nxe4 Bf5 4. Ng3 Bg6 5. Nf3 Nd7 6. d4 e6 7. Bd3 Ngf6 8.
O-O Be7 9. Re1 O-O 10. Bxg6 hxg6 11. c4 c5 12. h3 cxd4 13. Nxd4 Qc7 14. Qe2 Bb4
15. Rd1 Rac8 16. b3 a6 17. Bb2 Rfe8 18. Nf3 Bd6 19. Ne4 Nxe4 20. Qxe4 Be7 21.
Rac1 Bf6 22. Bxf6 Nxf6 23. Qe5 Qxe5 24. Nxe5 Red8 1/2-1/2

[Event "International Championship of Central Se"]
[Site "Paracin, hotel "]
[Date "2013.07.08"]
[Round "4.12"]
[White "Majcen, Zoran"]
[Black "Arandjelovic, Aleksandar Z"]
[Result "1/2-1/2"]
[WhiteElo "1848"]
[BlackElo "2042"]
[PlyCount "42"]
[EventDate "2013.07.05"]

1. e4 c5 2. Nc3 Nc6 3. Bc4 e6 4. f4 g6 5. Nf3 Bg7 6. O-O Nge7 7. e5 d5 8. exd6
Nf5 9. Ne4 O-O 10. c3 Nxd6 11. Nxd6 Qxd6 12. d3 Bd7 13. Bb3 Rad8 14. Qe2 Ne7
15. Ne5 Be8 16. Be3 Nd5 17. Nc4 Qc7 18. Bd2 b6 19. Ne5 Ne7 20. Rad1 Nc6 21. Nf3
Na5 1/2-1/2

[Event "International Championship of Central Se"]
[Site "Paracin, hotel "]
[Date "2013.07.08"]
[Round "4.13"]
[White "Djuretanovic, Ivan"]
[Black "Tuovic, Milos"]
[Result "1-0"]
[WhiteElo "2042"]
[BlackElo "1847"]
[PlyCount "47"]
[EventDate "2013.07.05"]

1. e4 d5 2. exd5 Qxd5 3. Nc3 Qd8 4. Bc4 Nf6 5. d4 e6 6. Nf3 Be7 7. Bf4 Nh5 8.
Be3 c6 9. Qe2 b5 10. Bd3 Qc7 11. Ne5 Nf6 12. Qf3 Bb7 13. Ne4 h6 14. Qg3 Bf8 15.
Nc5 Na6 16. Nxe6 Bb4+ 17. c3 Bxc3+ 18. bxc3 fxe6 19. Qg6+ Kf8 20. Bf4 c5 21.
O-O c4 22. Bc2 Nd5 23. Qxe6 g5 24. Ng6+ 1-0

[Event "International Championship of Central Se"]
[Site "Paracin, hotel "]
[Date "2013.07.08"]
[Round "4.14"]
[White "Majstorovic, Dusan"]
[Black "Janjic, Nikola"]
[Result "1-0"]
[WhiteElo "2025"]
[BlackElo "1829"]
[PlyCount "95"]
[EventDate "2013.07.05"]

1. e4 e5 2. Nf3 Nf6 3. Nc3 Nc6 4. d4 exd4 5. Nxd4 Nxd4 6. Qxd4 d6 7. Bf4 Be7 8.
Bb5+ Bd7 9. e5 Nh5 10. Be3 dxe5 11. Qxe5 Nf6 12. Bxd7+ Qxd7 13. Rd1 Qc6 14. Qb5
O-O 15. Qxc6 bxc6 16. O-O Bd6 17. Rd4 h6 18. Rc4 Rab8 19. b3 a5 20. Rxc6 Ng4
21. g3 Nxe3 22. fxe3 Rfe8 23. Re1 Re5 24. Re2 Rbe8 25. Kf2 Rf5+ 26. Kg2 Rfe5
27. Nd1 Re4 28. Rc3 a4 29. Nf2 axb3 30. cxb3 R4e5 31. e4 f5 32. Rc4 g5 33. Nd3
Rxe4 34. Rcxe4 fxe4 35. Nf2 e3 36. Ng4 Ra8 37. Nxh6+ Kh7 38. Nf5 Bc5 39. Kf3
Kg6 40. g4 Rh8 41. Nxe3 Rh3+ 42. Ke4 Bxe3 43. Rxe3 Rxh2 44. a4 Rf2 45. Kd5 Rg2
46. Re4 Kf6 47. Rc4 Rd2+ 48. Kc6 1-0

[Event "International Championship of Central Se"]
[Site "Paracin, hotel "]
[Date "2013.07.08"]
[Round "4.15"]
[White "Van Steenkiste, Luc"]
[Black "Antic, Nenad"]
[Result "1-0"]
[WhiteElo "1833"]
[BlackElo "2022"]
[PlyCount "49"]
[EventDate "2013.07.05"]

1. d4 d5 2. e4 dxe4 3. Nc3 Nf6 4. f3 exf3 5. Nxf3 Bg4 6. h3 Bh5 7. g4 Bg6 8.
Ne5 e6 9. Qf3 c6 10. g5 Nfd7 11. Nxg6 hxg6 12. Bd3 Bb4 13. O-O Qe7 14. Bf4 Nb6
15. Rae1 N8d7 16. Ne4 Nd5 17. c3 Nxf4 18. Qxf4 e5 19. dxe5 Bc5+ 20. Kg2 O-O 21.
Nf6+ gxf6 22. gxf6 Qe6 23. Qh6 Nxf6 24. exf6 Qd5+ 25. Re4 1-0

[Event "International Championship of Central Se"]
[Site "Paracin, hotel "]
[Date "2013.07.08"]
[Round "4.16"]
[White "Janjic, Jovo"]
[Black "Milosavljevic, Delimir"]
[Result "1-0"]
[WhiteElo "2008"]
[BlackElo "1827"]
[PlyCount "35"]
[EventDate "2013.07.05"]

1. e4 e5 2. Bc4 Nf6 3. d3 Be7 4. Nc3 Nc6 5. a3 O-O 6. Nge2 d6 7. O-O h6 8. h3
a6 9. f4 exf4 10. Nxf4 Ne5 11. Bb3 c6 12. d4 Ned7 13. Qe2 Kh8 14. e5 dxe5 15.
dxe5 Nh7 16. e6 Nc5 17. exf7 Qd6 18. Qxe7 1-0

[Event "International Championship of Central Se"]
[Site "Paracin, hotel "]
[Date "2013.07.08"]
[Round "4.17"]
[White "Dragojevic, Dragan"]
[Black "Rajic, Momcilo"]
[Result "1-0"]
[WhiteElo "1971"]
[BlackElo "1824"]
[PlyCount "73"]
[EventDate "2013.07.05"]

1. e4 e5 2. Nf3 Nc6 3. Bc4 Nd4 4. Nxd4 exd4 5. c3 dxc3 6. Nxc3 d6 7. d4 Nf6 8.
Qb3 d5 9. Nxd5 c6 10. Nc3 Qc7 11. a4 g6 12. e5 Ng4 13. h3 Nh6 14. Ne4 Nf5 15.
Nf6+ Kd8 16. Bg5 Be7 17. g4 Nxd4 18. O-O-O c5 19. f4 Bxf6 20. Bxf6+ Ke8 21.
Rxd4 cxd4 22. Bxh8 Be6 23. Qb5+ Bd7 24. Qd5 Bc6 25. Qc5 b6 26. Qd6 Qxd6 27.
exd6 Kd7 28. Rd1 Rxh8 29. Rxd4 f6 30. f5 Bg2 31. Be6+ Kc6 32. d7 Rd8 33. Rc4+
Kd6 34. Rc8 Ke7 35. g5 gxf5 36. Rxd8 Kxd8 37. gxf6 1-0

[Event "International Championship of Central Se"]
[Site "Paracin, hotel "]
[Date "2013.07.08"]
[Round "4.18"]
[White "Nikolovska, Dragana"]
[Black "Milanovic, Maja"]
[Result "1-0"]
[WhiteElo "1848"]
[BlackElo "1969"]
[PlyCount "41"]
[EventDate "2013.07.05"]

1. d4 Nf6 2. Nc3 d5 3. e4 dxe4 4. f3 e3 5. Bxe3 c6 6. Bd3 e6 7. Nge2 Nbd7 8.
O-O Bd6 9. Ne4 Nxe4 10. fxe4 e5 11. Ng3 exd4 12. Bxd4 Bxg3 13. hxg3 Qg5 14. Bc4
O-O 15. Qf3 Qe7 16. Qh5 g6 17. Qh6 Ne5 18. Rf4 Qd6 19. c3 c5 20. Rh4 Rd8 21.
Bxe5 1-0

[Event "International Championship of Central Se"]
[Site "Paracin, hotel "]
[Date "2013.07.08"]
[Round "4.19"]
[White "Marjanovic, Toplica"]
[Black "Radovanovic, Miroljub B"]
[Result "0-1"]
[WhiteElo "1830"]
[BlackElo "1961"]
[PlyCount "63"]
[EventDate "2013.07.05"]

1. d4 d5 2. f4 Nf6 3. e3 e6 4. Nf3 Be7 5. Be2 O-O 6. O-O Nbd7 7. c3 Ne4 8. Nbd2
f5 9. Ne5 c5 10. Ndf3 Ndf6 11. Bd2 Qb6 12. Rb1 Bd7 13. Ng5 Be8 14. Ngf3 Rc8 15.
Be1 h6 16. h3 a6 17. Qb3 Qc7 18. a4 b5 19. axb5 axb5 20. dxc5 Bxc5 21. Nd4 Bxd4
22. exd4 Nd6 23. Bh4 Nfe4 24. Rfd1 Nc4 25. Bxc4 bxc4 26. Qa3 Bh5 27. Re1 g5 28.
fxg5 hxg5 29. Bf2 Ra8 30. Ra1 Rxa3 31. Rxa3 Rb8 32. b4 0-1

[Event "International Championship of Central Se"]
[Site "Paracin, hotel "]
[Date "2013.07.08"]
[Round "4.20"]
[White "Brankovan, Mario"]
[Black "Velikic, Vule"]
[Result "1-0"]
[WhiteElo "1938"]
[BlackElo "1798"]
[PlyCount "119"]
[EventDate "2013.07.05"]

1. c4 c5 2. Nc3 Nc6 3. Nf3 Nf6 4. b3 g6 5. Bb2 Bg7 6. g3 O-O 7. Bg2 d6 8. O-O
Rb8 9. d4 cxd4 10. Nxd4 Bd7 11. Nc2 Qc8 12. Re1 Bh3 13. Bh1 Nd7 14. Rb1 Nb6 15.
Nd5 Qd8 16. Bxg7 Kxg7 17. Qd2 Bf5 18. e4 Be6 19. Rbd1 Nd7 20. Qc3+ f6 21. Nde3
Rc8 22. Bg2 Qa5 23. Qb2 Nb4 24. Qc3 Nc6 25. Qa1 Qh5 26. Nd5 Rf7 27. Nf4 Qh6 28.
Nxe6+ Kh8 29. Qc1 g5 30. Ned4 Nce5 31. Nf5 Qg6 32. Qd2 h5 33. Nce3 g4 34. Nh4
Qh7 35. Nef5 Rg8 36. Qh6 b6 37. Bf1 Ng6 38. Nxg6+ Rxg6 39. Qxh7+ Rxh7 40. b4
Ne5 41. Be2 h4 42. Nxh4 Rg8 43. a4 Kg7 44. c5 dxc5 45. bxc5 bxc5 46. Rc1 c4 47.
Kg2 Rgh8 48. Bxc4 Nf3 49. Nxf3 gxf3+ 50. Kxf3 Rxh2 51. Be6 Rb8 52. Rc7 Rb2 53.
Re2 Rb6 54. Bc4 Rb4 55. Rxe7+ Kg6 56. Rc7 Rxa4 57. Ra2 Rb4 58. Raxa7 Rh6 59.
Rg7+ Kh5 60. Bf7+ 1-0

[Event "International Championship of Central Se"]
[Site "Paracin, hotel "]
[Date "2013.07.08"]
[Round "4.21"]
[White "Van Muylem, Tom"]
[Black "Pavlovic, Branka"]
[Result "1/2-1/2"]
[WhiteElo "1931"]
[BlackElo "1787"]
[PlyCount "60"]
[EventDate "2013.07.05"]

1. d4 Nf6 2. Nf3 d5 3. e3 g6 4. b3 Bg7 5. Bb2 Nbd7 6. Bd3 O-O 7. Nbd2 c5 8. O-O
Qc7 9. c4 b6 10. Qe2 Bb7 11. Rad1 Rfe8 12. Ne5 Nh5 13. f4 cxd4 14. exd4 e6 15.
g4 Nhf6 16. Ndf3 dxc4 17. Bxc4 Nd5 18. Nd2 f6 19. Nxd7 Qxd7 20. Bb5 Bc6 21.
Bxc6 Qxc6 22. Rc1 Qd7 23. Qf2 Rac8 24. Nc4 Nb4 25. Rcd1 b5 26. Ne3 Rc7 27. a3
Nd5 28. Rc1 Rec8 29. Rxc7 Rxc7 30. Nxd5 Qxd5 1/2-1/2

[Event "International Championship of Central Se"]
[Site "Paracin, hotel "]
[Date "2013.07.08"]
[Round "4.22"]
[White "Zajic, Milun"]
[Black "Vasilev, Martin"]
[Result "1-0"]
[WhiteElo "1930"]
[BlackElo "1741"]
[PlyCount "113"]
[EventDate "2013.07.05"]

1. c4 e5 2. g3 Nf6 3. Bg2 Be7 4. Nc3 O-O 5. Nf3 Nc6 6. O-O d6 7. d3 Re8 8. h3
h6 9. a3 a5 10. Rb1 Bd7 11. b4 axb4 12. axb4 Qc8 13. Kh2 Bf8 14. e4 Qd8 15. Be3
Be6 16. Nd2 b6 17. f4 Nxb4 18. Rxb4 d5 19. cxd5 Bxb4 20. dxe6 Rxe6 21. Nd5 Bxd2
22. Qxd2 exf4 23. Bxf4 Ra7 24. Nxf6+ Rxf6 25. d4 b5 26. d5 Rfa6 27. Qb4 Qd7 28.
Rb1 Rb7 29. h4 Ra2 30. Qb3 Ra6 31. e5 Rb8 32. Bh3 Qe7 33. Rb2 g5 34. d6 Qd8 35.
dxc7 Qxc7 36. hxg5 hxg5 37. Bxg5 Rbb6 38. Bf6 Rxf6 39. exf6 Rxf6 40. Qxb5 Qc6
41. Qxc6 Rxc6 42. Bg4 Kg7 43. Rb7 Kf6 44. Rb5 Rc7 45. Kh3 Rc1 46. Bh5 Kg7 47.
Rb7 Kh6 48. Bxf7 Kg5 49. Rb5+ Kf6 50. Bd5 Kg5 51. Bf3+ Kg6 52. g4 Rc3 53. Kg3
Ra3 54. Kf4 Ra4+ 55. Be4+ Kg7 56. g5 Ra7 57. Rb7+ 1-0

[Event "International Championship of Central Se"]
[Site "Paracin, hotel "]
[Date "2013.07.08"]
[Round "4.23"]
[White "Jaklin, Damir"]
[Black "Injac, Teodora"]
[Result "1/2-1/2"]
[WhiteElo "1916"]
[BlackElo "1713"]
[PlyCount "80"]
[EventDate "2013.07.05"]

1. d4 Nf6 2. c4 g6 3. Nc3 Bg7 4. e4 d6 5. Nge2 O-O 6. Ng3 c5 7. d5 Na6 8. Be2
Nc7 9. O-O e6 10. Bg5 exd5 11. cxd5 Rb8 12. a4 a6 13. Qd2 Re8 14. Rfe1 b5 15.
axb5 axb5 16. h3 b4 17. Nd1 Nb5 18. Bxb5 Rxb5 19. f3 Ra5 20. Rc1 Qb6 21. Be3
Nd7 22. Nf2 Ra2 23. Rb1 Bc3 24. Qc2 Bxe1 25. Rxe1 Qa5 26. Qc1 Bb7 27. f4 Ra8
28. Kh2 Ra1 29. Qd2 Rxe1 30. Qxe1 Qa2 31. Qe2 Qb3 32. Ng4 Ba6 33. Qf2 Bc8 34.
f5 Ne5 35. Nxe5 dxe5 36. Bxc5 Ra2 37. fxg6 hxg6 38. Qf6 Qxb2 39. Qd8+ Kh7 40.
Qh4+ Kg8 1/2-1/2

[Event "International Championship of Central Se"]
[Site "Paracin, hotel "]
[Date "2013.07.08"]
[Round "4.24"]
[White "Ristic, Dejan D"]
[Black "Glisic, Tomislav"]
[Result "1-0"]
[WhiteElo "1823"]
[BlackElo "1912"]
[PlyCount "105"]
[EventDate "2013.07.05"]

1. c4 Nf6 2. Nc3 d5 3. cxd5 Nxd5 4. g3 g6 5. Bg2 c6 6. Nf3 Bg7 7. d4 O-O 8. O-O
Na6 9. e4 Ndc7 10. Be3 Bg4 11. h3 Bxf3 12. Bxf3 e6 13. Qd2 Qd7 14. Kh2 Rad8 15.
Rfd1 Qe7 16. Qe2 Rd7 17. a3 Rfd8 18. e5 Nd5 19. Ne4 Nxe3 20. fxe3 Nc7 21. Nd6
Ne8 22. Ne4 Nc7 23. Nc5 Ne8 24. Nxd7 Rxd7 25. Rac1 Bh6 26. Rc3 Ng7 27. e4 Qg5
28. b4 a6 29. a4 Qd8 30. Qc4 Qb6 31. Qc5 Qd8 32. b5 axb5 33. axb5 cxb5 34. Qxb5
Ne8 35. d5 Nc7 36. Qb6 Bg7 37. d6 Bxe5 38. Rxc7 Bxd6 39. Rxb7 Bxg3+ 40. Kxg3
Qg5+ 41. Kf2 Rd2+ 42. Rxd2 Qxd2+ 43. Kf1 Qc1+ 44. Kf2 Qd2+ 45. Kg3 Qg5+ 46. Bg4
Qe5+ 47. Kf3 Qf6+ 48. Kg2 Qf4 49. Qd4 e5 50. Qd8+ Kg7 51. Bf3 h5 52. Rb8 Kh6
53. h4 1-0

[Event "International Championship of Central Se"]
[Site "Paracin, hotel "]
[Date "2013.07.08"]
[Round "4.25"]
[White "Radovanovic, Danko"]
[Black "Djordjevic, Lazar"]
[Result "1/2-1/2"]
[WhiteElo "1898"]
[BlackElo "1683"]
[PlyCount "116"]
[EventDate "2013.07.05"]

1. c4 Nf6 2. Nc3 g6 3. d4 d5 4. cxd5 Nxd5 5. e4 Nxc3 6. bxc3 Bg7 7. Rb1 c5 8.
Be3 O-O 9. Nf3 Qa5 10. Qd2 Nc6 11. Rb5 cxd4 12. Rxa5 dxe3 13. Qxe3 Nxa5 14. Be2
Be6 15. O-O Rfc8 16. Nd4 Bc4 17. f4 Bxe2 18. Nxe2 Nc4 19. Qc1 Rc7 20. Rd1 Rac8
21. Rd3 b5 22. Qe1 Nb2 23. Rf3 Na4 24. e5 e6 25. g4 Bf8 26. h4 Nxc3 27. Rxc3
Rxc3 28. Nxc3 Bb4 29. Qb1 Bxc3 30. Qxb5 Bd4+ 31. Kf1 Rc2 32. Qd3 Rf2+ 33. Ke1
Rxf4 34. h5 Kg7 35. hxg6 hxg6 36. g5 Bxe5 37. Qh3 Re4+ 38. Kf2 Bd4+ 39. Kf1
Rf4+ 40. Ke2 Rf5 41. Qh6+ Kg8 42. Kd3 Bg7 43. Qh4 Ra5 44. Qf2 Rd5+ 45. Kc4 a5
46. Qb6 Kh7 47. Qe3 Kg8 48. Qb6 Rd4+ 49. Kc5 Rg4 50. Kc6 a4 51. Kd7 Kh7 52. Qe3
Rd4+ 53. Ke7 Rd5 54. Kxf7 Rf5+ 55. Kxe6 Rf8 56. Ke7 Rf5 57. Ke6 Rf8 58. Qh3+
Kg8 1/2-1/2